000 00569nam a22002177a 4500
003 UA-OsUOA
001 36088
007 ta
008 20060118b un ||||| |||| 00| 0 ukr d
100 _aМамутов В.
090 _a330
942 _cSA
040 _aUA-OsUOA
_bukr
_cUA-OsUOA
_dUA-OsUOA
245 _aПро поєднання держрегулювання і ринкової саморегуляції
300 _aС.59-66
955 _a2
041 _aukr
080 _a330
773 0 _w36081
650 7 _a330 Економіка взагалі
_2UDC
999 _c322354
_d322354